Priateľské stretnutie družobných obcí v Berekfürdő

Bibliographic Details
Main Author: Prékop, Péter (Author)
Format: Article
Language:Multiple languages
Slovak
Hungarian
PhysicalDescription:Fotogr.
Subjects:

MARC

LEADER 00000nab a2200000 a 4500
001 vtls010183102
003 SK-MaSNL
005 20260318115057.0
008 101025c2010 xo qrzp 0 0mul
038 |a RVGKPD 
040 |a RVGKPD  |b slo  |c RVGKPD  |e AACR2 
041 1 |a slo  |a hun 
044 |a xo  |c SK 
080 |a 394.912  |x (437.6:439)  |2 1997 
100 1 |a Prékop, Péter  |4 aut  |9 667829 
245 1 0 |a Priateľské stretnutie družobných obcí v Berekfürdő  |c Peter Prékop 
300 |b Fotogr. 
650 0 7 |a partnerské obce  |2 rvgkpd  |9 883702 
650 0 7 |a stretnutia  |2 rvgkpd  |9 877999 
651 7 |a Krásnohorské Podhradie (Slovensko)  |2 rvgkpd  |9 26876 
651 7 |a Rožňava (Slovensko : okres)  |2 rvgkpd  |9 19215 
651 7 |a Berekfürdő (Maďarsko)  |2 rvgkpd  |9 1036651 
773 0 |t Život pod hradom  |g Roč. 5, č. 3 (september 2010), s. 3, 4 
773 0 |t Váraljai hírmondó  |g Évf. 5, sz. 3 (september 2010), o. 3, 4 
852 |a RVGKPD  |b KIS3G 
992 |a RBX 
999 |c 3342213  |d 3344143